000 00313nam a2200121Ia 4500
008 190802s9999 xx 000 0 und d
020 _a0-19-806227-3
100 _aB.P.Lathi
245 0 _aPrinciples of Linear Systems and Signals
260 _aUSA
_bOxford University Press
_c2015
300 _a969:P
942 _cBK
999 _c2232
_d2232